LEADER 00848nam0-22003011i-450- 001 990004613880403321 005 20050309110007.0 010 $a0-208-01641-4 035 $a000461388 035 $aFED01000461388 035 $a(Aleph)000461388FED01 035 $a000461388 100 $a19990604d1977----km-y0itay50------ba 101 0 $aita 105 $ay-------001yy 200 1 $aESSAYS in labour history$e1918 - 1939, edited by Asa Briggs$fJohn Saville 210 $aLondon$cCroom Helm$dc1977. 215 $a292 p.$d23 cm 676 $a331.880941$v21$zita 702 1$aBriggs,$bAsa$f<1921- > 702 1$aSaville,$bJohn 801 0$aIT$bUNINA$gRICA$2UNIMARC 901 $aBK 912 $a990004613880403321 952 $a331.88 BRI 1$bI.st.r.c.2895$fFLFBC 959 $aFLFBC 996 $aESSAYS in labour history$9551444 997 $aUNINA LEADER 02027oam 2200601I 450 001 9910784078103321 005 20230213211344.0 010 $a1-135-78114-1 010 $a1-135-78115-X 010 $a1-280-14044-5 010 $a0-203-98815-9 024 7 $a10.4324/9780203988152 035 $a(CKB)1000000000254799 035 $a(EBL)235227 035 $a(OCoLC)275255158 035 $a(SSID)ssj0000171959 035 $a(PQKBManifestationID)11179545 035 $a(PQKBTitleCode)TC0000171959 035 $a(PQKBWorkID)10133262 035 $a(PQKB)10949368 035 $a(OCoLC)647398060 035 $a(MiAaPQ)EBC235227 035 $a(Au-PeEL)EBL235227 035 $a(CaPaEBR)ebr10094192 035 $a(CaONFJC)MIL14044 035 $a(OCoLC)252972024 035 $a(OCoLC)252972024 035 $a(EXLCZ)991000000000254799 100 $a20180331d1981 uy 0 101 0 $aeng 135 $aur|n|---||||| 181 $ctxt 182 $cc 183 $acr 200 14$aThe history of Aden, 1839-72 /$fZ.H. Kour 210 1$aLondon :$cCass ;$aTotowa, N.J. :$cBiblio Distribution Centre,$d1981. 215 $a1 online resource (247 p.) 300 $aDescription based upon print version of record. 311 $a1-138-99413-8 311 $a0-7146-3101-9 320 $aIncludes bibliography and index. 327 $aPreliminaries; CONTENTS; Acknowledgments; I Introduction; II The Growth of the Settlement; III Trade; IV The Administration; V Sultan Muhsin; VI Sultan Ali; VII Sultan Fadl; Appendix Rassam; Notes; Bibliography; Index 330 $aThe growth of the settlement; trade; the administration; Sultan Muhsin; Sultan 'Ali; Sultan Fadl; appendix - Rassam. 607 $aAden$xHistory$y19th century 676 $a953.35 676 $a953/.35 700 $aKour$b Z. H$g(Zaka Hanna),$0639176 801 0$bFlBoTFG 801 1$bFlBoTFG 906 $aBOOK 912 $a9910784078103321 996 $aThe history of Aden, 1839-72$93842305 997 $aUNINA